La revolución Argelina (Registro nro. 10800)

Detalles MARC
000 -Cabecera
Campo de control interno 00423nam a2200181Ia 4500
005 - Fecha y hora del registro
control field 20260306161858.0
008 - Elementos de Longitud Fija
fixed length control field 260306t1970||||xx |||||||||||||| ||spa||
041 ## - Idioma
Codigo Idioma ESP
082 ## - DEWEY y NOTACIÓN INTERNA
Dewey 965
Notación Interna C17
100 ## - AUTOR
Autor denominación Calchi Novati, Giampaolo
Término de relación autor
245 #0 - TÍTULO DE MATERIAL BIBLIOGRÁFICO
Título La revolución Argelina
260 ## - CIUDAD, EDITORIAL, AÑO
Año 1970
300 ## - DESCRIPCIÓN
N° Páginas 446 páginas :
Dimensiones 18 cm.
650 ## - TEMAS
Temas Generalidades
654 ## - PROGRAMAS
Programa Dpto. de Humanidades
942 ## - ELEMENTOS DE KOHA
Tipo de documento Libro
Nombre del creador Justo Noguera
Código de catalogador Justo Noguera
Esquema de clasificación Dewey Decimal Classification
Suppress in OPAC
Existencias
Codigo completo Registro Colección Copia número Disponibilidad Tipo de préstamo Biblioteca Actual Procedencia (Biblioteca) Ubicacón Fecha Ingreso Tipo de Adquisición Date last seen Total checkouts Price effective from Tipo de Item Estado del Material Fuente de Clasificación Damaged status Withdrawn status
965 C17 1012746 Universidad Católica San Pablo 1 Disponible Disponible Víctor Andrés Belaunde Víctor Andrés Belaunde Planta baja abierta 03/06/2026 Donación 06/03/2026   06/03/2026 Libro Bueno Dewey Decimal Classification